000 00335nam a2200133Ia 4500
005 20250424120333.0
008 250424s9999 xx 000 0 und d
050 _aTrcn professional diary
245 0 _aAbuja
260 _aTeachers Registration Council of Nigeria
260 _b2012
260 _c308 p. : ill. ; 29 cm.
650 _aSR
999 _c38744
_d38744